00337pam a2200133 a 4500020001700000082001200017100002000029245003800049260003300087300002500120650001200145650002400157700002200181 a0870555170 :00a664 HEA1 aHeath, Henry B.10aFlavor chemistry and technology / aNew DelhibCBS pubcc191996. axv, 442 p. :bill. ; 0aFlavor. 0aFlavoring essences.1 aReineccius, Gary.